| 000 | 00859cam a22002531 4500 | ||
|---|---|---|---|
| 001 | 15837 | ||
| 003 | BD-RjUL | ||
| 005 | 20211208235909.0 | ||
| 008 | 140211s1964 nyu 000 0 eng | ||
| 035 | _a(BD-RjUL)15892 | ||
| 035 | _a(OCoLC)686901 | ||
| 040 |
_aDLC _cPPi _dUk _dDLC _dBD-RjUL _beng |
||
| 041 | _aeng | ||
| 082 |
_a657.4 _bSIA 1964 |
||
| 100 | 1 |
_aSidebotham, Roy, _d1927-1970. _947026 |
|
| 245 | 1 | 0 |
_aAccounting for industrial management / _cR. Sidebotham. |
| 260 |
_aOxford ; _bPergamon Press ; _aNew York : _bMacmillan, _cc1964. |
||
| 300 |
_avii, 197 p. : _bill. ; _c20 cm. |
||
| 410 | 2 | 0 |
_aThe Commonwealth and international library of science, technology, engineering, and liberal studies. _bBusiness management division, _vv. 4 |
| 650 | 0 |
_aCost accounting. _949122 |
|
| 942 |
_2ddc _cBK |
||
| 999 |
_c15837 _d15837 |
||